000 00532pab a2200193 454500
008 180718b2006 xxu||||| |||| 00| 0 eng d
100 _aGupta, Sreoshi
245 _aHomelessness in the context of the Delhi Master Plan 2001: some results from the census
260 _c2006
300 _ap.57-82.
362 _aJun
650 _aDelhi - Population
650 _aDelhi Master Plan, 2001
650 _aHomeless - India - Delhi
650 _aHomeless
700 _aGhosh, Sourabh
773 _aSocial Change
909 _a71242
999 _c71242
_d71242